Normal view MARC view
  • ESSEX

Entry Personal Name

Number of records used in: 1

001 - CONTROL NUMBER

  • control field: 79810

003 - CONTROL NUMBER IDENTIFIER

  • control field: NUST

005 - DATE AND TIME OF LATEST TRANSACTION

  • control field: 20210628210527.0

008 - FIXED-LENGTH DATA ELEMENTS

  • fixed length control field: 210628|| aca||aabn | a|a d

040 ## - CATALOGING SOURCE

  • Original cataloging agency: NUST
  • Transcribing agency: NUST

100 ## - HEADING--PERSONAL NAME

  • Personal name: ESSEX

670 ## - SOURCE DATA FOUND

  • Source citation: Work cat.: (NUST): ESSEX, 1969/1970 STANEOR TV REPLACEMENT GUIDE COMMERCIAL TV/RADIO REPLACEMENT PART TO PART CROSS REFERENCE FOR TRANSFORMER AND DEFLECTION COMPONENTS, 1931
© 2023 Central Library, National University of Sciences and Technology. All Rights Reserved.